| 000 | 00876nam a2200229Ii 4500 | ||
|---|---|---|---|
| 003 | JO-AjNU | ||
| 008 | 230605s9999||||xx |||||||||||||| ||und|| | ||
| 017 | _a2000/2/229 | ||
| 020 | _a9957-11-077-2 | ||
| 040 |
_aJO-AjNU _bara _erda _cJO-AjNU |
||
| 041 | _aara | ||
| 050 | 1 | 4 | _aHD30.28.H8668 2000 |
| 100 | 3 |
_aالحسيني، فلاح حسن عداي, _eauthor _957289 |
|
| 245 | 0 | 0 | _aالادارة الاستراتيجية: مفاهيمها، مداخلها، عملياتها المعاصرة |
| 250 | _aط1 | ||
| 264 | 3 | 1 | _aعمان: دار وائل للطباعة والنشر، 2000 |
| 300 |
_a324ص _bيحتوي على ببلوغرافية من ص319-324ص |
||
| 336 |
_atext _btxt _2rdacontent |
||
| 337 |
_aunmediated _bn _2rdamedia |
||
| 338 |
_avolume _bnc _2rdacarrier |
||
| 650 | 4 |
_aادارة الاعمال - الادارة الاستراتيجية _957290 |
|
| 999 |
_aA25662 _c29230 _d29230 |
||